Формування іншомовної граматичної компетенції на середньому ступені ЗОШ на основі комунікативного підходу (7 клас, англійська мова) (Запис № 284956)
[ простий вигляд ]
| 000 -LEADER | |
|---|---|
| fixed length control field | 01698nam a22001577a 4500 |
| 041 ## - LANGUAGE CODE | |
| Language code of text/sound track or separate title | ukr |
| 080 ## - UNIVERSAL DECIMAL CLASSIFICATION NUMBER | |
| Universal Decimal Classification number | 09 |
| 090 ## - LOCALLY ASSIGNED LC-TYPE CALL NUMBER (OCLC); LOCAL CALL NUMBER (OCLC) | |
| Local cutter number (OCLC) ; Book number/undivided call number, CALL (RLIN) | ЛЯШ |
| 100 ## - MAIN ENTRY--PERSONAL NAME | |
| Personal name | Ляшук Р.В. |
| 245 ## - TITLE STATEMENT | |
| Title | Формування іншомовної граматичної компетенції на середньому ступені ЗОШ на основі комунікативного підходу (7 клас, англійська мова) |
| 260 ## - PUBLICATION, DISTRIBUTION, ETC. (IMPRINT) | |
| Place of publication, distribution, etc | Острог |
| Name of publisher, distributor, etc | КАФ |
| Date of publication, distribution, etc | 2012 |
| 300 ## - PHYSICAL DESCRIPTION | |
| Extent | 73 |
| 520 ## - SUMMARY, ETC. | |
| Summary, etc | Розділ 1. Теоритичні аспекти формування граматичних навичок учнів середнього етапу загальноосвітньої школи на основі комунікативного підходу.<br/>1.1 Роль граматичної компетенції у формуванні мовленнєвої компетентності.<br/>1.2 Особливості формування граматичної компетенції на основі комунікативного підходу.<br/>Розділ 2. Методика формування граматичних навичок учнів середнього етапу загальноосвітньої школи на основі комунікативного підходу.<br/>2.1 Фрагменти уроків з вивчення часової форми Present Perfect і Present CPerfect Continuous на основі комунікативного підходу.<br/>2.2 Експериментальна перевірка роздробленої методики. |
| -- | іншомовний,комунікація, школа |
| 650 ## - SUBJECT ADDED ENTRY--TOPICAL TERM | |
| Topical term or geographic name as entry element | Research Papers |
| 942 ## - ADDED ENTRY ELEMENTS (KOHA) | |
| Koha item type | Книги |
| Withdrawn status | Lost status | Source of classification or shelving scheme | Damaged status | Not for loan | Home library | Current library | Date acquired | Source of acquisition | Cost, normal purchase price | Total Checkouts | Full call number | Barcode | Date last seen | Price effective from | Koha item type |
|---|---|---|---|---|---|---|---|---|---|---|---|---|---|---|---|
| Universal Decimal Classification | ВІЛ - Відділ іноземн. літератури НБ | ВІЛ - Відділ іноземн. літератури НБ | 18/09/2012 | Акт №5 | 1.00 | 09 | 215034 | 10/11/2021 | 18/09/2012 | Книги |